Petriho siete a ich aplikácia v návrhu riadiacich a komunikačných systémov

Gespeichert in:
Bibliographische Detailangaben
Hauptverfasser: Čičák, Pavel, 1955- (Verfasst von), Ďuďák, Juraj, 1980- (Verfasst von)
Weitere Verfasser: Horváth, Pavol, 1944- (Rezension), Jakab, František (Rezension)
Format: Buch
Sprache:Slowakisch
Veröffentlicht: Košice : Elfa, 2014
Ausgabe:1. vyd.
Schriftenreihe:Edícia monografií
Online-Zugang:PODKL
Tags: Tag hinzufügen
Keine Tags, Fügen Sie das erste Tag hinzu!

MARC

LEADER 00000nam a22000003a 4500
001 stu289165
005 20250701130801.7
008 140512s--------xo------------------slo-d
020 |a 978-80-8086-233-6 
040 |a STU  |b slo 
041 0 |a slo 
044 |a xo 
100 1 |a Čičák, Pavel,  |d 1955-  |4 aut  |u 070400  |9 60  |U FIIT Fakulta informatiky a informačných technológií  |T FIIT Ústav počítačového inžinierstva a aplikovanej informatiky  |X 1926  |U I400  |Y 672  |7 1926 
245 1 |a Petriho siete a ich aplikácia v návrhu riadiacich a komunikačných systémov 
250 |a 1. vyd. 
260 |a Košice :  |b Elfa,  |c 2014 
300 |a 198 s. [9,82 AH] 
700 1 |a Ďuďák, Juraj,  |4 aut  |9 40  |d 1980-  |u 066000  |r Z8  |U MTF Materiálovotechnologická fakulta  |T MTF Ústav aplikovanej informatiky, automatizácie a matematiky  |X 53397  |U M6000  |Y 86  |7 A000053397 
700 1 |a Horváth, Pavol,  |4 rev  |u R2020  |d 1944-  |r Z3  |U Ostatné univerzitné pracoviská  |T Ústav manažmentu STU  |X 4  |U R2020  |Y 232  |7 A000000004 
700 1 |a Jakab, František  |4 rev 
830 0 |a Edícia monografií 
856 4 |a podklad  |u https://is.stuba.sk/vv/pub_priloha.pl?id=291006  |3 PODKL 
996 |c I*24U10163  |l II680  |s P  |a 0  |w stu289165_0002 
996 |b 284M086262  |c M*13746-1  |l MMST  |s A  |a 24  |w stu289165_0003 
996 |b 284M086261  |c M*13746-2  |l MMST  |s A  |a 24  |w stu289165_0004